000 00547nam a2200241Ia 4500
003 OSt
005 20220912152143.0
006 a|||||r|||| 00| 0
007 ta
008 220909b |||||||| |||| 00| 0 eng d
024 _a57921
037 _cTextual
040 _aCSL
_beng
_cCSL
041 _aeng
082 _aI223, 113H1
100 _aRabenhorst R
245 0 _aKryptogamen
260 _c1941
300 _ap.
_ccm.
650 _aBotany
942 _hI223, 113H1
_cTEXL
_2CC
999 _c81934
_d81934